000 00649nam a2200229Ia 4500
003 OSt
005 20220926035638.0
006 a|||||r|||| 00| 0
007 ta
008 220923b |||||||| |||| 00| 0 eng d
037 _cGeneral Book
040 _aRTL
_cRTL
_beng
041 _2eng
_aeng
082 _aX:72, K0
100 _aDernberg Thomas F.
_9342586
245 0 _aMacro-economics
_b Measurement, analysis and contro
260 _c1960
650 _aMacro Economics
_9243911
700 _a McDougal Duncan M.
_9342587
942 _hX:72, K0
_cGB
_2CC
999 _c662751
_d662751